Land conservation through public/private partnerships / (Record no. 7756)

MARC details
000 -LEADER
fixed length control field 01323cam a2200337 a 4500
001 - CONTROL NUMBER
control field 616659
003 - CONTROL NUMBER IDENTIFIER
control field OSt
005 - DATE AND TIME OF LATEST TRANSACTION
control field 20210929164218.0
008 - FIXED-LENGTH DATA ELEMENTS--GENERAL INFORMATION
fixed length control field 920930s1993 dcu b 001 0 eng
010 ## - LIBRARY OF CONGRESS CONTROL NUMBER
LC control number 92035638
020 ## - INTERNATIONAL STANDARD BOOK NUMBER
International Standard Book Number 1559631775
020 ## - INTERNATIONAL STANDARD BOOK NUMBER
International Standard Book Number 1559631767 (pbk.)
040 ## - CATALOGING SOURCE
Original cataloging agency DLC
Transcribing agency HU
Modifying agency DLC
043 ## - GEOGRAPHIC AREA CODE
Geographic area code n-us---
050 00 - LIBRARY OF CONGRESS CALL NUMBER
Classification number HD205
Item number .L336 1993
082 00 - DEWEY DECIMAL CLASSIFICATION NUMBER
Classification number 333.73/16/0973
Edition number 20
245 00 - TITLE STATEMENT
Title Land conservation through public/private partnerships /
Statement of responsibility, etc. edited by Eve Endicott ; foreword by John H. Chafee.
260 ## - PUBLICATION, DISTRIBUTION, ETC.
Place of publication, distribution, etc. Washington, D.C. :
Name of publisher, distributor, etc. Island Press,
Date of publication, distribution, etc. c1993.
300 ## - PHYSICAL DESCRIPTION
Extent xvi, 364 p. ;
Dimensions 24 cm.
504 ## - BIBLIOGRAPHY, ETC. NOTE
Bibliography, etc. note Includes bibliographical references (p. 339-341) and index.
650 #0 - SUBJECT ADDED ENTRY--TOPICAL TERM
Topical term or geographic name entry element Land use
General subdivision Government policy
Geographic subdivision United States.
9 (RLIN) 8367
650 #0 - SUBJECT ADDED ENTRY--TOPICAL TERM
Topical term or geographic name entry element Conservation Operations Program.
9 (RLIN) 8368
650 #0 - SUBJECT ADDED ENTRY--TOPICAL TERM
Topical term or geographic name entry element Land trusts
Geographic subdivision United States.
9 (RLIN) 8369
650 #0 - SUBJECT ADDED ENTRY--TOPICAL TERM
Topical term or geographic name entry element Nonprofit organizations
Geographic subdivision United States.
9 (RLIN) 8370
650 #0 - SUBJECT ADDED ENTRY--TOPICAL TERM
Topical term or geographic name entry element Conservation of natural resources
Geographic subdivision United States
General subdivision Societies, etc.
9 (RLIN) 8371
700 1# - ADDED ENTRY--PERSONAL NAME
Personal name Endicott, Eve.
9 (RLIN) 8372
856 42 - ELECTRONIC LOCATION AND ACCESS
Materials specified Publisher description
Uniform Resource Identifier <a href="http://www.loc.gov/catdir/enhancements/fy0666/92035638-d.html">http://www.loc.gov/catdir/enhancements/fy0666/92035638-d.html</a>
906 ## - LOCAL DATA ELEMENT F, LDF (RLIN)
a 7
b cbc
c orignew
d 1
e ocip
f 19
g y-gencatlg
942 ## - ADDED ENTRY ELEMENTS (KOHA)
Source of classification or shelving scheme Dewey Decimal Classification
Koha item type Books like text book referance book
Suppress in OPAC No
Holdings
Withdrawn status Lost status Source of classification or shelving scheme Damaged status Not for loan Collection code Home library Current library Shelving location Date acquired Total Checkouts Full call number Barcode Date last seen Copy number Price effective from Koha item type
    Dewey Decimal Classification     Reference Wondo Genet Library Wondo Genet Library General Stacks 09/29/2021   333.73/16/0973 CON1993 WGCFNRL000000291 09/29/2021 1 09/29/2021 Books like text book referance book